Šerila, a.s., sa presadila najmä kvalitou Certifikát systému riadenia kvality je pre firmu nevyhnutný

Bibliographic Details
Main Author: (AGS) (Author)
Format: Article
Language:Slovak
Subjects:

MARC

LEADER 00000nab a2200000 a 4500
001 vtls001018191
003 SK-MaSNL
005 20260303035443.0
008 140301e20001204xo 0 slo
035 |a SN4138 
040 |a SNSK  |b slo  |c SNSK  |e AACR2 
041 0 |a slo 
044 |a xo  |c SK 
080 |a 69  |2 1981 
100 0 |a (AGS)  |4 aut  |9 840331 
245 1 0 |a Šerila, a.s., sa presadila najmä kvalitou  |b Certifikát systému riadenia kvality je pre firmu nevyhnutný 
610 2 7 |a Širila, Spišská Nová Ves  |2 SNSK  |9 1022205 
650 0 7 |a firmy stavebné  |2 SNSK  |9 881745 
650 0 7 |a systémy manažérstva kvality  |2 SNSK  |9 123577 
651 7 |a Spišská Nová Ves (Slovensko)  |2 SNSK  |9 28800 
773 0 8 |t Hospodárske noviny, č.231, 4.12.2000, s. 3 
852 |a ZVYKNI  |b KIS3GCP 
999 |c 1677611  |d 1679541